[Event "Canet de Mar Tancat del Maresme 5th"]
[Site "Canet de Mar"]
[Date "2012.04.14"]
[Round "1.3"]
[White "Claus Armengol, David"]
[Black "Gonzalez Moreno, Antoni"]
[Result "0-1"]
[WhiteElo "1804"]
[BlackElo "1995"]
[PlyCount "94"]
[EventDate "2012.04.14"]
[EventType "swiss"]
[EventRounds "9"]
[EventCountry "ESP"]
[SourceTitle "EXT 2024"]
[Source "ChessBase"]
[SourceDate "2023.10.10"]
[SourceVersion "1"]
[SourceVersionDate "2023.10.10"]
[SourceQuality "1"]

1. e4 c6 2. Nc3 d5 3. d4 dxe4 4. Nxe4 Bf5 5. Ng3 Bg6 6. Nf3 Nf6 7. Bc4 e6 8. 0-0 Be7 9. c3 Nbd7 10. Bf4 h6 11. Qe2 0-0 12. Nh4 Bh7 13. Nf3 Nb6 14. Bb3 Nbd5 15. Bd2 Bd6 16. Ne5 Qc7 17. Nh5 Nxh5 18. Qxh5 Nf6 19. Qe2 Bxe5 20. dxe5 Nd7 21. Bf4 Nc5 22. Rad1 Nxb3 23. axb3 Rad8 24. Rd6 Rxd6 25. exd6 Qd7 26. Rd1 Rd8 27. h4 f6 28. b4 e5 29. Be3 b6 30. c4 Bf5 31. c5 b5 32. Qf3 Bg4 33. Qg3 Bxd1 34. f3 Kh8 35. Qf2 Bb3 36. Qd2 Kg8 37. Kh2 Bd5 38. Qf2 Qf5 39. Qe2 Qh5 40. Qf2 Kf7 41. g4 Qg6 42. Kh3 h5 43. g5 Qf5+ 44. Kg3 Be6 45. Kg2 e4 46. gxf6 gxf6 47. Qg3 Rg8 0-1

[Event "Maresme op 8th"]
[Site "Maresme"]
[Date "2011.10.15"]
[Round "4"]
[White "Volart Buil, Jordi"]
[Black "Claus Armengol, David"]
[Result "1-0"]
[WhiteElo "1832"]
[BlackElo "1811"]
[PlyCount "71"]
[EventDate "2011.09.24"]
[EventType "swiss"]
[EventRounds "9"]
[EventCountry "ESP"]
[SourceTitle "EXT 2013"]
[Source "ChessBase"]
[SourceDate "2012.11.22"]
[SourceVersion "1"]
[SourceVersionDate "2012.11.22"]
[SourceQuality "1"]

1. d4 d5 2. c4 e6 3. a3 Nf6 4. Nc3 Nbd7 5. Bg5 Be7 6. Nf3 c6 7. Qc2 h6 8. Bh4 a6 9. e4 Nxe4 10. Bxe7 Qxe7 11. Nxe4 dxe4 12. Qxe4 Nf6 13. Qc2 b5 14. cxb5 0-0 15. bxc6 Rd8 16. g3 e5 17. Bg2 exd4+ 18. Qe2 Qc5 19. 0-0 d3 20. Qe5 Rd5 21. Qf4 Be6 22. Rfc1 Qb6 23. Ne5 d2 24. Rd1 Rd4 25. Qe3 Rad8 26. Rxd2 Ng4 27. Nxg4 Bxg4 28. h3 Be6 29. b4 R8d6 30. Rxd4 Rxd4 31. Rc1 Qd8 32. c7 Rd1+ 33. Kh2 Qd3 34. c8Q+ Bxc8 35. Rxc8+ Kh7 36. Rc3 1-0